000 00861nam a22002657a 4500
001 BR6004942
003 BR-BrBNA
005 20230928083217.0
007 ta
008 230509b bl.||||| |||| 00| 0 por d
040 _aBR-BrBNA
_bpor
_cBiblioteca Nacional de Agricultura
041 _a(Por)
072 _aF28
090 _ F28 BR6004942
100 1 _aDias, J. de D. de O.
110 1 _aEscola de Agronomia e Quimica de Pernambuco, Recife (Brasil)
_0Tese (Preenchimento da 12. Cadeira - Agricultura Geral)
_94298
245 1 _aA erosao. Principal fator da destruicao da fertilidade dos solos - e meios de controle
260 3 _aRecife, PE (Brasil):
_bImprensa Oficial,
_c1942.
300 _a73 p.
500 _aBibliography p. 75-78 (80 ref.)
650 _aErosao do solo
650 _aSolo
909 _a202309
_bLucia
_c55
_dLucia Elande
942 _cBK
999 _c12171
_d12171